| 000 | 00998cam a22002894a 4500 | ||
|---|---|---|---|
| 001 | 4049179 | ||
| 005 | 20180302073004.0 | ||
| 008 | 990416s2000 ilua bf 000 0 eng | ||
| 010 | _a 99030810 | ||
| 020 | _a0880116048 | ||
| 040 |
_aDLC _cDLC _dDLC |
||
| 041 | _aeng | ||
| 042 | _apcc | ||
| 043 | _an-us--- | ||
| 080 | _a796.42077 RIC | ||
| 082 | 0 | 0 |
_a796.42077 RIC _221 |
| 100 | _a8 | ||
| 101 | _aEKZ | ||
| 245 | 0 | 0 |
_aUSA Track & Field coaching manual / _cUSA Track & Field ; Joseph L. Rogers, project coordinator. |
| 246 | 3 | _aUSA Track and Field coaching manual | |
| 504 | _aIncludes bibliographical references (p.309-311). | ||
| 906 |
_a7 _bcbc _corignew _d1 _eocip _f19 _gy-gencatlg |
||
| 942 |
_2ddc _cBK |
||
| 999 |
_c44051 _d44051 |
||